000 00571nam a2200205Ia 4500
003 OSt
005 20220926040128.0
006 a|||||r|||| 00| 0
007 ta
008 220923b |||||||| |||| 00| 0 eng d
037 _cGeneral Book
040 _aRTL
_cRTL
_beng
041 _2eng
_aeng
082 _aX.73.N6, K1
100 _aFels Rendigs
_9253270
245 0 _aChallenge to the American economy
_b An Introductio
650 _aUnited States Economics Conditions
942 _hX.73.N6, K1
_cGB
_2CC
999 _c663988
_d663988